000
00227nam a22000977a 4500
082
_a
621.381528 BAS'I
245
_a
BASIC THEORY AND APPLICATION OF TRANSISTORS
260
_a
NEWYORK
_b
DOVER
_c
1963
300
_a
263P
942
_c
BK
999
_c
582711
_d
582711